000 01156cam a22003255i 4500
001 15095202
003 EG-ScBUE
005 20251221110356.0
008 071128t2008 gw a f b 001 0 eng d
020 _a9783540363507 (hbk.)
040 _aEG-ScBUE
_beng
_erda
_cEG-ScBUE
_dEG-ScBUE
082 0 4 _a547.7
_222
_bMIC
100 1 _aMichler, Goerg H.
_q(Goerg Hannes),
_939649
_eauthor.
245 1 0 _aElectron microscopy of polymers /
_cGeorg H. Michler, with contributions by Dr. R. Godehardt [and five others]
264 1 _aBerlin :
_bSpringer,
_c[2008]
264 4 _cc2008
300 _axx, 473 pages :
_billustrations ;
_c24 cm.
336 _2rdacontent
_atext
_btxt
337 _aunmediated
_2rdamedia
_bn
338 _avolume
_bnc
_2rdacarrier
490 0 _aSpringer laboratory manuals in polymer science
504 _aIncludes bibliographical references and index.
650 7 _aPolymers
_xOptical properties.
_2BUEsh
_939651
650 7 _aPolymers
_xMicroscopy.
_2BUEsh
_939650
650 7 _aElectron microscopy.
_2BUEsh
_96344
653 _bPPhrm
_cMarch2016
655 _vReading book
700 1 _aGodehardt, R.,
_econtributor.
942 _2ddc
_cBB
999 _c21487
_d21459